000 00418nam a2200157Ia 4500
003 Ost
005 20260225132539.0
008 260225s9999||||xx |||||||||||||| ||und||
040 _cfsic
041 _afre
082 _a741.6
100 _aMaryse fabries verfaillie
_eAuteur
245 0 _aL'afrique du nord et le moyen orient dans le nouvel espace mondial /
245 0 _cMaryse fabries verfaillie
942 _cكتاب
999 _c33415
_d33415